Almohad Caliphs - Statistics

General Stats
  • This quiz has been taken 13 times
  • The average score is 5 of 13
Answer Stats
# Years Caliphs % Correct
2 1163 -1184 Abu Yaqub Yusuf I
75%
11 1242 - 1248 Ali
63%
1 1145 - 1163 Abd al-Mu'min
50%
5 1213 - 1224 Abu Ya'qub Yusuf II
50%
9 1227 - 1232 Idris I
38%
13 1266 - 1269 Idris II
38%
4 1199 - 1213 Muhammad an-Nasir
38%
12 1248 - 1266 Umar
38%
(8) 1227 - 1235 Yahya
38%
7 1224 - 1227 Abdallah al-Adil
25%
6 1224 Abd al-Wahid I
25%
10 1232 - 1242 Abdul-Wahid II
25%
3 1184 - 1199 Yaqub al-Mansur
25%
No matching quizzes found
Score Distribution
Percent of People with Each Score
Percentile by Number Answered
Your Score History
You have not taken this quiz